[Event "El Prat de Llobregat op 4th"]
[Site "El Prat de Llobregat"]
[Date "2023.02.24"]
[Round "4"]
[White "Marin Ripoll, Marti"]
[Black "Sanz Prat, Javier"]
[Result "1/2-1/2"]
[WhiteElo "1695"]
[BlackElo "1494"]
[PlyCount "58"]
[EventDate "2023.02.03"]
[EventType "swiss"]
[EventRounds "9"]
[EventCountry "ESP"]
[SourceTitle "EXT 2024"]
[Source "ChessBase"]
[SourceDate "2023.10.10"]
[SourceVersion "1"]
[SourceVersionDate "2023.10.10"]
[SourceQuality "1"]

1. e4 d6 2. Nf3 Nf6 3. Nc3 e5 4. Bc4 Be7 5. d4 Nbd7 6. dxe5 dxe5 7. 0-0 h6 8. Qe2 c6 9. Rd1 Qc7 10. a4 a5 11. Nh4 Nc5 12. b3 g5 13. Nf5 Ncxe4 14. Nxe4 Bxf5 15. Nxf6+ Bxf6 16. Qf3 Qc8 17. g4 Bxc2 18. Qxf6 Qxg4+ 19. Kf1 Qxd1+ 20. Kg2 Qg4+ 21. Kf1 Qh3+ 22. Ke2 0-0 23. Ba3 Qh5+ 24. f3 Qxh2+ 25. Ke1 Bg6 26. Qxg6+ Kh8 27. Qf6+ Kg8 28. Qg6+ Kh8 29. Qf6+ Kg8 1/2-1/2

[Event "Pomar Memorial U12"]
[Site "Barcelona"]
[Date "2022.08.26"]
[Round "1"]
[White "Marin Ripoll, Marti"]
[Black "Sala Martin, Guillem"]
[Result "1-0"]
[WhiteElo "1599"]
[BlackElo "1429"]
[PlyCount "129"]
[EventDate "2022.08.26"]
[EventType "tourn"]
[EventRounds "5"]
[EventCountry "ESP"]
[SourceTitle "EXT 2023"]
[Source "ChessBase"]
[SourceDate "2022.10.05"]
[SourceVersion "1"]
[SourceVersionDate "2022.10.05"]
[SourceQuality "1"]

1. e4 c5 2. Be2 e6 3. f4 Nc6 4. Nf3 Nge7 5. d3 d5 6. e5 Nf5 7. c3 Be7 8. 0-0 0-0 9. g4 Nh4 10. g5 Nxf3+ 11. Bxf3 d4 12. Be4 Kh8 13. h4 g6 14. Nd2 Rg8 15. Nf3 Rb8 16. Bd2 Qd7 17. Qe2 b6 18. Be1 Bb7 19. Bf2 Rbd8 20. Rfd1 Bf8 21. Rac1 dxc3 22. bxc3 Ne7 23. Nh2 Nd5 24. Qf3 Rb8 25. Ng4 Bg7 26. Kg2 Ne7 27. h5 Rgd8 28. hxg6 fxg6 29. Nf6 Bxf6 30. gxf6 Nf5 31. Bxb7 Qxb7 32. Qxb7 Rxb7 33. d4 Rbd7 34. Kf3 Kg8 35. Ke4 Kf7 36. Rd3 c4 37. Rh3 Rh8 38. Rch1 h5 39. Be3 Rd5 40. R1h2 Rdd8 41. Rd2 Rd5 42. Bf2 Rb8 43. Rb2 a5 44. a4 b5 45. Be1 Ra8 46. Rhh2 Ra7 47. axb5 Rd8 48. Rhd2 Rd5 49. b6 Rb7 50. Rb1 a4 51. Ra2 Ra5 52. Rb4 h4 53. Rxc4 Rxb6 54. Bxh4 Nxh4 55. Raxa4 Rxa4 56. Rxa4 Nf5 57. d5 exd5+ 58. Kxd5 Rb5+ 59. Kc6 Rb8 60. Ra7+ Ke6 61. Ra6 Kf7 62. Kc7 Re8 63. Kd7 Nh6 64. c4 Nf5 65. c5 1-0

[Event "ESP-ch U12"]
[Site "Salobrena"]
[Date "2021.07.08"]
[Round "6"]
[White "Marin Ripoll, Marti"]
[Black "Torres Rebolledo, Alvaro"]
[Result "1/2-1/2"]
[WhiteElo "1424"]
[BlackElo "1635"]
[PlyCount "59"]
[EventDate "2021.07.05"]
[EventType "swiss"]
[EventRounds "9"]
[EventCountry "ESP"]
[SourceTitle "EXT 2022"]
[Source "ChessBase"]
[SourceDate "2021.10.06"]
[SourceVersion "1"]
[SourceVersionDate "2021.10.06"]
[SourceQuality "1"]

1. e4 e5 2. Nf3 Nc6 3. d4 exd4 4. Bc4 Nf6 5. 0-0 Nxe4 6. Re1 d5 7. Bxd5 Qxd5 8. Nc3 Qh5 9. Nxe4 Be6 10. Bg5 Bd6 11. Nxd6+ cxd6 12. Bf4 Qc5 13. Ng5 0-0 14. Ne4 Qf5 15. Bxd6 Rfd8 16. Bg3 Qg6 17. Nc5 Bd5 18. f3 Nb4 19. Nd3 Nxd3 20. Qxd3 Qxd3 21. cxd3 Be6 22. Bf2 Bf5 23. Re7 Bxd3 24. Rd1 Kf8 25. Rc7 Ba6 26. Rxd4 Rxd4 27. Bxd4 Rd8 28. Bc5+ Kg8 29. Bxa7 h6 30. Rc2 1/2-1/2

[Event "ESP-ch U12"]
[Site "Salobrena"]
[Date "2021.07.06"]
[Round "3"]
[White "Garcia Sanchez, Miguel Angel"]
[Black "Marin Ripoll, Marti"]
[Result "0-1"]
[WhiteElo "1195"]
[BlackElo "1424"]
[PlyCount "132"]
[EventDate "2021.07.05"]
[EventType "swiss"]
[EventRounds "9"]
[EventCountry "ESP"]
[SourceTitle "EXT 2022"]
[Source "ChessBase"]
[SourceDate "2021.10.06"]
[SourceVersion "1"]
[SourceVersionDate "2021.10.06"]
[SourceQuality "1"]

1. c4 Nf6 2. Nc3 g6 3. g3 Bg7 4. Bg2 0-0 5. Nf3 c6 6. 0-0 d6 7. d3 Qa5 8. Rb1 Qh5 9. b4 Bh3 10. Bb2 Ng4 11. e3 Bh6 12. Re1 Nd7 13. Nh4 Bxg2 14. Kxg2 g5 15. Nf3 Nde5 16. Rh1 Qg6 17. Nxe5 Nxe5 18. Ne4 f5 19. Bxe5 fxe4 20. Bc3 exd3 21. Qg4 Qf5 22. Qxf5 Rxf5 23. Rbd1 Raf8 24. Rhf1 g4 25. Rxd3 Rf3 26. Rd4 e5 27. Rxg4+ Kh8 28. Re4 Bg7 29. Rg4 d5 30. cxd5 cxd5 31. Bb2 R8f5 32. e4 dxe4 33. Rxe4 Kg8 34. g4 R3f4 35. f3 Rf7 36. Bc1 Rxe4 37. fxe4 Rc7 38. Be3 Rc4 39. Kf3 Rxb4 40. Bxa7 Ra4 41. Bf2 Rxa2 42. Rb1 Ra3+ 43. Be3 Bh6 44. g5 Bxg5 45. Rg1 Rxe3+ 46. Kf2 Rxe4 47. Rxg5+ Kf7 48. Kf3 Rf4+ 49. Ke3 Rf1 50. Ke2 Rh1 51. Rxe5 Rxh2+ 52. Kf3 Rb2 53. Rc5 Kg6 54. Kf4 Rf2+ 55. Ke3 Rf5 56. Rc7 Rf7 57. Rc5 h5 58. Rc8 Rh7 59. Rg8+ Kf6 60. Rf8+ Ke7 61. Rb8 Kd6 62. Rg8 h4 63. Rg2 h3 64. Rh2 Ke5 65. Kf3 Kd4 66. Kg3 Ke3 0-1

[Event "ESP-ch U12"]
[Site "Salobrena"]
[Date "2021.07.05"]
[Round "2"]
[White "Marin Ripoll, Marti"]
[Black "Tabuenca Mendataurigoitia, Daniel"]
[Result "0-1"]
[WhiteElo "1424"]
[BlackElo "1893"]
[PlyCount "139"]
[EventDate "2021.07.05"]
[EventType "swiss"]
[EventRounds "9"]
[EventCountry "ESP"]
[SourceTitle "EXT 2022"]
[Source "ChessBase"]
[SourceDate "2021.10.06"]
[SourceVersion "1"]
[SourceVersionDate "2021.10.06"]
[SourceQuality "1"]

1. d4 Nf6 2. Nd2 d5 3. e3 g6 4. Bd3 Bg7 5. f4 b6 6. Ngf3 0-0 7. 0-0 c5 8. c3 Ba6 9. Bxa6 Nxa6 10. Qe2 Nc7 11. dxc5 bxc5 12. e4 e6 13. e5 Nd7 14. Nb3 f6 15. exf6 Qxf6 16. Be3 c4 17. Nc5 Qe7 18. Nxd7 Qxd7 19. Rad1 Qa4 20. Nd4 Rae8 21. Qd2 Qa6 22. Nf3 Nb5 23. Ne5 Nd6 24. Qe2 Bxe5 25. fxe5 Ne4 26. Bh6 Qb6+ 27. Be3 Qc7 28. Bh6 Rf5 29. g4 Rxf1+ 30. Rxf1 g5 31. Qf3 Qe7 32. Qe3 Rb8 33. h3 Qc5 34. Bxg5 Rxb2 35. Qxc5 Nxc5 36. Bh6 Nd7 37. h4 Re2 38. g5 Rxe5 39. h5 Rf5 40. Rb1 Ne5 41. Rb7 Ng4 42. Rb8+ Kf7 43. Rb7+ Ke8 44. Rb8+ Kd7 45. Rb7+ Kc6 46. Rxh7 Nxh6 47. Rxh6 Rxg5+ 48. Kf2 Kd6 49. Kf3 Ke5 50. Rh8 Kf6 51. Rh6+ Kf5 52. Rh7 e5 53. Rxa7 Rxh5 54. Rd7 Rh3+ 55. Ke2 Ke4 56. Kd2 Rh2+ 57. Kd1 Rxa2 58. Rh7 Rf2 59. Ke1 Rf3 60. Kd2 Rf2+ 61. Kd1 d4 62. cxd4 exd4 63. Ke1 Rf3 64. Re7+ Kd3 65. Re2 Re3 66. Kd1 Rxe2 67. Kc1 Re1+ 68. Kb2 c3+ 69. Ka2 c2 70. Kb3 0-1